000
00320 a2200157 4500
001
188087
020
_a
978-85-86740-65-7
040
_c
Magnum
100
_a
Jose, Elias
240
1
0
_a
Disque poesia
_l
por
245
1
0
_a
Disque poesia
300
_a
32
362
0
_a
2008
697
_a
LITERATURA INFANTO
942
_c
BK
999
_c
188087
_d
188087